Guia dels camins rurals de la circumscripció de Barcelona
Descripción Física:
v. ; 22 cm
MARC
| LEADER | 00000nam a2200000Ia 4500 | ||
|---|---|---|---|
| 001 | 9840 | ||
| 008 | 160829s9999 xx 000 0 cat d | ||
| 080 | |a C-1-366 | ||
| 245 | |a Guia dels camins rurals de la circumscripció de Barcelona | ||
| 260 | |a Barcelona : |b Diputació de Barcelona. Servei d' Agricultura i Ramaderia, DL 1986 | ||
| 300 | |a v. ; |c 22 cm | ||
| 650 | 0 | |a Camins |z Baix Llobregat (Catalunya) |x Guies |9 47921 | |
| 710 | 1 | |a Barcelona (Catalunya : Província). |b Servei d'Agricultura i Ramaderia |9 54365 | |
| 866 | |a 01 : Baix Llobregat . |x 109, 178, [370] p. | ||
| 901 | |a Arxiu | ||
| 942 | |n 1 | ||
| 952 | |0 0 |1 0 |4 0 |6 C1366 |7 1 |9 54204 |a Arxiu |b Arxiu |d 2016-12-01 |l 0 |o C-1-366 |p 9840 |r 2016-12-01 00:00:00 |w 2016-12-01 |y ARXIU | ||
| 999 | |c 58073 |d 58073 | ||